Normal view
MARC view
Entry Topical Term
001 - CONTROL NUMBER
- control field: 8500
003 - CONTROL NUMBER IDENTIFIER
- control field: ARRUPE
005 - DATE AND TIME OF LATEST TRANSACTION
- control field: 20140207115731.0
008 - FIXED-LENGTH DATA ELEMENTS
- fixed length control field: 140207|| aca||aabn | a|a d
040 ## - CATALOGING SOURCE
- Original cataloging agency: ARRUPE
- Transcribing agency: ARRUPE
150 ## - HEADING--TOPICAL TERM
- Topical term or geographic name as entry element: Pastoral counseling.
670 ## - SOURCE DATA FOUND
- Source citation: Work cat.: (ARRUPE)0: Lee, Roy Stuart. 8499, Principles of pastoral counselling, 1968.